| 000 | 00712 a2200229 4500 | ||
|---|---|---|---|
| 003 | OSt | ||
| 005 | 20180116192333.0 | ||
| 008 | 120516t xxu||||| |||| 00| 0 eng d | ||
| 020 | _a978817884692 | ||
| 040 | _c0 | ||
| 082 | _a722.44 | ||
| 100 |
_aAmir Ansari _91516 |
||
| 245 | 1 | 2 |
_aA hand book of islamic architecture _cAmir Ansari |
| 260 |
_aNew Delhi: _bCyber Tech Publications, _c2011 |
||
| 300 | _a254 p. | ||
| 500 | _aIncludes bibliographical references and index. | ||
| 650 | 0 |
_aArchitecture, Mogul. _91517 |
|
| 650 | 0 |
_aArchiecture, Islamic _91518 |
|
| 650 | 0 |
_aArchitecture _yIndia _91519 |
|
| 942 |
_aSADA _cBK _k722.44 AMI 2011 _2ddc |
||
| 999 |
_c352368 _d352368 |
||